• 首页
  • 本馆介绍
  • 公告通知
  • 最新文献
  • 馆藏检索
  • 电子资源
  • 读者荐购
  • 参考咨询
  • CALIS
  • 我的图书馆
  • 登录
  • 详细信息显示
  • 放入我的书架
  • 预约/预借图书
  • 作者相关作品
  • 分类相关作品
  • 丛书相关作品
  • 出版社相关作品

书目信息

  • 表格格式
  • 工作单格式
  • 卡片格式
题名:
After Effects CS6影视栏目包装案例精粹200 +
    
 
作者: 崔倩倩 编著
分册:  
出版信息: 北京   清华大学出版社  2013.06
页数: 410页
开本: 28cm
丛书名:
单 册:
中图分类: TP391.41
科图分类:
主题词: 计算机应用
电子资源:
ISBN: 7-302-31064-5
 
 
 
 
 
000 00651nam0 2200193 450
001 1460724541
005 20140403165313.48
010    @a7-302-31064-5@dCNY89.00
100    @a20140403d2013 km y0chiy0120 ea
101 0  @achi
102    @aCN@b110000
200 1  @aAfter Effects CS6影视栏目包装案例精粹200 +@AAfter Effects CS6 ying shi lan mu bao zhuang an li jing cui 200+@f崔倩倩编著@Fcui qian qian bian zhu
210    @a北京@c清华大学出版社@d2013.06
215    @a410页@d28cm
606 0  @a计算机应用
690    @aTP391.41@v4
701  0 @a崔倩倩@Acui qian qian@4编著
801  0 @aCN@b大连网信软件有限公司图书馆·11@c20140403
905    @aZUCC@dTP391.41@eC973
    
    After Effects CS6影视栏目包装案例精粹200 +/崔倩倩编著.-北京:清华大学出版社,2013.06
    410页;28cm
    
    
    ISBN 7-302-31064-5:CNY89.00
    
●
相关链接 在E读中查询图书 在当当中查询图书 在豆瓣中查询图书


正题名:After Effects CS6影视栏目包装案例精粹200     索取号:TP391.41/C973         预约/预借

序号 登录号 条形码 馆藏地/架位号 状态 备注
1 492903   204929033   计算机与数据科学学院资料室/ [索取号:TP391.41/C973] 已借出,限还日期为2014.10.13
借出人:孙清伟  
 
河南城建学院图书馆 欢迎您!
大连网信软件有限公司© 版权所有